[Event "Rybinsk-ch"]
[Site "Rybinsk"]
[Date "2010.03.18"]
[Round "6"]
[White "Miloradov, Georgy B"]
[Black "Varjagin, Alexander"]
[Result "0-1"]
[WhiteElo "2115"]
[BlackElo "2263"]
[PlyCount "102"]
[EventDate "2010.03.15"]
[EventType "tourn"]
[EventRounds "13"]
[EventCountry "RUS"]
[SourceTitle "EXT 2012"]
[Source "ChessBase"]
[SourceDate "2011.11.24"]
[SourceVersion "1"]
[SourceVersionDate "2011.11.24"]
[SourceQuality "1"]

1. e4 c6 2. d4 d5 3. e5 Bf5 4. Nf3 e6 5. c3 c5 6. Be2 Nc6 7. 0-0 cxd4 8. Nxd4 Bg6 9. Bb5 Qb6 10. Qa4 Rc8 11. Be3 Bc5 12. b4 Bxd4 13. Bxd4 Qc7 14. Bxc6+ Qxc6 15. Qxa7 Ne7 16. Nd2 0-0 17. Nb3 Ra8 18. Qb6 Bd3 19. Rfc1 Qxb6 20. Bxb6 Ng6 21. Bd4 Nf4 22. Re1 Ra3 23. Nc1 Bc4 24. g3 Nd3 25. Nxd3 Bxd3 26. Red1 Bc4 27. Rd2 Rfa8 28. f4 h5 29. Kf2 Kh7 30. h3 Bxa2 31. g4 hxg4 32. hxg4 Kg6 33. Kg3 Bc4 34. Rxa3 Rxa3 35. Rf2 Bd3 36. Kf3 b5 37. Ke3 Be4 38. Rh2 Ra1 39. Rh5 Rf1 40. Rg5+ Kh7 41. f5 g6 42. fxe6 Rf3+ 43. Ke2 fxe6 44. Bc5 Kh6 45. Be7 Rxc3 46. Kd2 Rb3 47. Ke2 d4 48. Kd2 Rb2+ 49. Kc1 Rc2+ 50. Kd1 Rh2 51. Bf6 d3 0-1

[Event "Rybinsk op"]
[Site "Rybinsk"]
[Date "2009.06.16"]
[Round "5"]
[White "Miloradov, Georgy B"]
[Black "Morozov, Egor"]
[Result "0-1"]
[WhiteElo "2251"]
[BlackElo "1961"]
[PlyCount "56"]
[EventDate "2009.06.14"]
[EventType "swiss"]
[EventRounds "9"]
[EventCountry "RUS"]
[SourceTitle "CBM 131 Extra"]
[Source "ChessBase"]
[SourceDate "2009.09.03"]
[SourceVersion "2"]
[SourceVersionDate "2009.09.16"]
[SourceQuality "1"]

1. e4 c5 2. Nf3 d6 3. d4 cxd4 4. Nxd4 Nf6 5. Nc3 a6 6. Be2 e6 7. 0-0 Be7 8. Be3 Qc7 9. a4 b6 10. f4 Nbd7 11. Bf3 Bb7 12. Qe2 Nc5 13. Bf2 0-0 14. Qe3 Rfd8 15. g4 d5 16. exd5 Nxd5 17. Nxd5 Bxd5 18. Bxd5 Rxd5 19. b4 Nb7 20. c3 Rad8 21. Rac1 Bf6 22. Qe4 Nd6 23. Qe2 Nc4 24. g5 Be7 25. Rce1 Bd6 26. Nxe6 fxe6 27. Qxe6+ Qf7 28. Qe4 Nd2 0-1

[Event "Rybinsk op"]
[Site "Rybinsk"]
[Date "2009.06.15"]
[Round "3"]
[White "Miloradov, Georgy B"]
[Black "Vinogradov, Alexander"]
[Result "0-1"]
[WhiteElo "2251"]
[BlackElo "1954"]
[PlyCount "101"]
[EventDate "2009.06.14"]
[EventType "swiss"]
[EventRounds "9"]
[EventCountry "RUS"]
[SourceTitle "CBM 131 Extra"]
[Source "ChessBase"]
[SourceDate "2009.09.03"]
[SourceVersion "2"]
[SourceVersionDate "2009.09.16"]
[SourceQuality "1"]

1. e4 c5 2. Nf3 Nc6 3. d4 cxd4 4. Nxd4 Nf6 5. Nc3 e5 6. Ndb5 d6 7. Bg5 a6 8. Na3 b5 9. Bxf6 gxf6 10. Nd5 Bg7 11. Qh5 Ne7 12. Bd3 f5 13. 0-0 Nxd5 14. exd5 e4 15. Rae1 0-0 16. Bxe4 fxe4 17. Rxe4 f5 18. Rh4 h6 19. Re1 Bd7 20. Rh3 Re8 21. Rd1 Qg5 22. Qf3 f4 23. Rh5 Bg4 24. Rxg5 Bxf3 25. Rxg7+ Kxg7 26. gxf3 Re5 27. Rd4 Rf8 28. c4 b4 29. Nc2 a5 30. Kf1 Kg6 31. Re4 Rxe4 32. fxe4 f3 33. Nd4 Rf4 34. b3 Kf6 35. Nc6 Rxe4 36. Nxa5 Re2 37. Nc6 Rxa2 38. Ke1 Re2+ 39. Kd1 Rxf2 40. Nxb4 Rb2 41. Ke1 Rxb3 42. Nc6 Rb2 43. Nd4 Rxh2 44. Nxf3 Rc2 45. Nd2 Rxd2 46. Kxd2 Ke5 47. Ke3 h5 48. Kf3 Kd4 49. Kf4 Kxc4 50. Kg5 Kxd5 51. Kxh5 0-1

[Event "Rybinsk-ch"]
[Site "Rybinsk"]
[Date "2009.03.24"]
[Round "9"]
[White "Miloradov, Georgy B"]
[Black "Lebedev, Alexander E"]
[Result "0-1"]
[WhiteElo "2251"]
[BlackElo "2061"]
[PlyCount "68"]
[EventDate "2009.03.15"]
[EventType "tourn"]
[EventRounds "13"]
[EventCountry "RUS"]
[SourceTitle "EXT 2022"]
[Source "ChessBase"]
[SourceDate "2021.10.06"]
[SourceVersion "1"]
[SourceVersionDate "2021.10.06"]
[SourceQuality "1"]

1. e4 c5 2. Nf3 Nf6 3. Nc3 d5 4. e5 Nfd7 5. d4 e6 6. Be3 Nc6 7. Bb5 cxd4 8. Bxd4 a6 9. Ba4 b5 10. Bb3 Nxd4 11. Qxd4 Bc5 12. Qf4 Bb7 13. 0-0 Qc7 14. Rfe1 Nf8 15. Ne2 Ng6 16. Qg3 0-0 17. c3 b4 18. Rad1 bxc3 19. bxc3 Ba7 20. Rc1 Rac8 21. h4 Bb8 22. Ned4 Rfe8 23. h5 Nf8 24. Ng5 f6 25. exf6 gxf6 26. Ngxe6+ Qxg3 27. fxg3 Bxg3 28. Rf1 Nxe6 29. Nf5 Be5 30. c4 Nd4 31. Ba4 Ne2+ 32. Kh1 Nxc1 33. Bxe8 Rxe8 34. Rxc1 dxc4 0-1

[Event "Rybinsk-ch"]
[Site "Rybinsk"]
[Date "2009.03.21"]
[Round "6"]
[White "Tachalov, Vyacheslav"]
[Black "Miloradov, Georgy B"]
[Result "1-0"]
[WhiteElo "2147"]
[BlackElo "2251"]
[PlyCount "95"]
[EventDate "2009.03.15"]
[EventType "tourn"]
[EventRounds "13"]
[EventCountry "RUS"]
[SourceTitle "EXT 2022"]
[Source "ChessBase"]
[SourceDate "2021.10.06"]
[SourceVersion "1"]
[SourceVersionDate "2021.10.06"]
[SourceQuality "1"]

1. Nf3 Nf6 2. g3 g6 3. Bg2 Bg7 4. 0-0 0-0 5. d3 d6 6. c3 c5 7. Nbd2 e5 8. Ne4 Nh5 9. Qb3 Qe7 10. Qd5 Rd8 11. Bg5 Nf6 12. Qb3 d5 13. Nxf6+ Bxf6 14. Bxf6 Qxf6 15. Nd2 Qe6 16. c4 dxc4 17. Qxc4 Qe7 18. Rac1 Na6 19. Nb3 Be6 20. Qb5 Bxb3 21. Qxb3 Rab8 22. Qb5 Rd6 23. Qa5 Qd8 24. Qxd8+ Rdxd8 25. f4 exf4 26. Rxf4 Rd6 27. Rcf1 f5 28. g4 Re8 29. gxf5 Rxe2 30. Be4 g5 31. Rg4 h6 32. h4 Nb4 33. hxg5 hxg5 34. f6 Kf7 35. Rxg5 Rxf6 36. a3 Rxf1+ 37. Kxf1 Rxb2 38. axb4 cxb4 39. Rb5 b6 40. Ke1 a5 41. Kd1 a4 42. Kc1 a3 43. Rxb6 Ke7 44. Bd5 Kd7 45. d4 Kc7 46. Rc6+ Kd7 47. Rc2 Kd6 48. Bg8 1-0

[Event "Rybinsk-ch"]
[Site "Rybinsk"]
[Date "2009.03.16"]
[Round "10"]
[White "Matveev, Vladimir A"]
[Black "Miloradov, Georgy B"]
[Result "1-0"]
[WhiteElo "2094"]
[BlackElo "2251"]
[PlyCount "97"]
[EventDate "2009.03.15"]
[EventType "tourn"]
[EventRounds "13"]
[EventCountry "RUS"]
[SourceTitle "EXT 2022"]
[Source "ChessBase"]
[SourceDate "2021.10.06"]
[SourceVersion "1"]
[SourceVersionDate "2021.10.06"]
[SourceQuality "1"]

1. d4 Nf6 2. c4 c5 3. e3 e6 4. Nf3 b6 5. Nc3 Bb7 6. Be2 d5 7. 0-0 Be7 8. cxd5 Nxd5 9. Bb5+ Bc6 10. Qa4 Bxb5 11. Nxb5 0-0 12. dxc5 Bxc5 13. e4 Nc7 14. Bf4 Nxb5 15. Qxb5 a6 16. Qe2 Nc6 17. Rfd1 Qe7 18. a3 e5 19. Bg5 Qe6 20. Be3 Rac8 21. b4 Bxe3 22. Qxe3 Ne7 23. g3 h6 24. Rd2 Rcd8 25. Rad1 Rxd2 26. Qxd2 Ng6 27. Qd5 Re8 28. Qxe6 Rxe6 29. Rd8+ Kh7 30. Kf1 Rc6 31. Ra8 b5 32. Ke2 f6 33. Ne1 Ne7 34. Nd3 Rc2+ 35. Kd1 Rc3 36. Nc5 Nc6 37. Rxa6 Nd4 38. Ne6 Rd3+ 39. Ke1 Rxa3 40. Rxa3 Nc2+ 41. Kd1 Nxa3 42. Nc7 h5 43. Kc1 g5 44. Ne8 Kg6 45. Nd6 f5 46. Kb2 fxe4 47. Kxa3 e3 48. fxe3 g4 49. e4 1-0

[Event "RUS-ch Seniors"]
[Site "Zvenigorod"]
[Date "2005.11.30"]
[Round "3"]
[White "Shmallko, Gennady"]
[Black "Miloradov, Georgy B"]
[Result "1/2-1/2"]
[WhiteElo "2126"]
[BlackElo "2260"]
[PlyCount "120"]
[EventDate "2005.11.28"]
[EventType "swiss"]
[EventRounds "7"]
[EventCountry "RUS"]
[SourceTitle "EXT 2007"]
[Source "ChessBase"]
[SourceDate "2006.11.23"]
[SourceVersion "1"]
[SourceVersionDate "2006.11.23"]
[SourceQuality "1"]

1. e4 e5 2. Nc3 Nf6 3. Nf3 Nc6 4. Bc4 Bc5 5. d3 h6 6. 0-0 d6 7. Na4 Bb6 8. Nxb6 axb6 9. c3 Na5 10. Bb5+ c6 11. Ba4 b5 12. Bc2 c5 13. Qe2 Nc6 14. Ne1 Be6 15. a3 b4 16. f4 b3 17. Bd1 Bg4 18. Nf3 Qb6 19. Kh1 exf4 20. Bxf4 Ne5 21. Qe3 Ng6 22. Bg3 0-0 23. h3 Be6 24. Nd2 d5 25. Bf2 dxe4 26. dxe4 Rac8 27. c4 Rfd8 28. Rc1 Ne5 29. Be2 Qc6 30. Rc3 Rxd2 31. Qxd2 Nxe4 32. Qe3 Nxc3 33. Qxc3 Qe4 34. Re1 f6 35. Qxb3 Qc6 36. Qc3 Rd8 37. b3 b6 38. Kg1 Ra8 39. a4 Re8 40. Bg3 Bf5 41. Bh5 g6 42. Bxe5 Rxe5 43. Rxe5 fxe5 44. Qxe5 Be4 45. Bg4 Kf7 46. Qf4+ Kg7 47. Qe5+ Kf7 48. Qf4+ Kg7 49. Qe3 h5 50. Bf3 Bxf3 51. gxf3 Qf6 52. f4 Qa1+ 53. Kg2 Kf6 54. Qd3 Qe1 55. Qd6+ Kf7 56. Qxb6 Qe2+ 57. Kg1 Qe1+ 58. Kg2 Qe2+ 59. Kg3 Qe3+ 60. Kg2 Qe2+ 1/2-1/2

[Event "RUS-ch Seniors"]
[Site "Zvenigorod"]
[Date "2005.11.29"]
[Round "2"]
[White "Miloradov, Georgy B"]
[Black "Adamson, Garry"]
[Result "0-1"]
[WhiteElo "2260"]
[BlackElo "2125"]
[PlyCount "100"]
[EventDate "2005.11.28"]
[EventType "swiss"]
[EventRounds "7"]
[EventCountry "RUS"]
[SourceTitle "EXT 2007"]
[Source "ChessBase"]
[SourceDate "2006.11.23"]
[SourceVersion "1"]
[SourceVersionDate "2006.11.23"]
[SourceQuality "1"]

1. e4 c5 2. Nf3 Nc6 3. d4 cxd4 4. Nxd4 Nf6 5. Nc3 d6 6. Be2 e5 7. Nb3 Be7 8. 0-0 a5 9. a4 Be6 10. Be3 0-0 11. Qd2 Rc8 12. Rfd1 Nb4 13. Bg5 Nxe4 14. Bxe7 Nxd2 15. Bxd8 Nxb3 16. cxb3 Rfxd8 17. Nb5 d5 18. Rac1 Kf8 19. f3 Bf5 20. Na3 Ke7 21. Kf2 Bc2 22. Nxc2 Nxc2 23. Bd3 Nd4 24. Rc3 Rxc3 25. bxc3 Nxb3 26. Rb1 Nc5 27. Bc2 Kd6 28. Rb5 Ra8 29. h4 h6 30. Ke3 Kc6 31. Rb2 b6 32. Bd1 Kc7 33. Rf2 Rd8 34. Rd2 Kc6 35. g3 Nb7 36. Bb3 Kc5 37. Ba2 f6 38. Rc2 Kc6 39. Bb1 Nc5 40. Ra2 d4+ 41. cxd4 exd4+ 42. Kd2 Re8 43. Ra3 Re3 44. Rxe3 dxe3+ 45. Kxe3 Nxa4 46. Kd4 Nc5 47. Bg6 Ne6+ 48. Kc4 b5+ 49. Kc3 Kc5 50. Bf7 Nd4 0-1